La dimension européenne pour Enseignants (Registo nº 725)
[ vista simples ]
| 000 -Etiqueta do registo | |
|---|---|
| Cabeçalho | 00901nam0a22003131 4500 |
| 005 - Identificador da versão | |
| Campo de controlo | 20240813121811.0 |
| 010 ## - Número internacional normalizado dos livros (ISBN) | |
| Número (ISBN) | 3771304644 |
| 021 ## - Número do Depósito Legal | |
| Código do país | PT |
| 035 ## - Other System Control Numbers | |
| System Control Number | 0000755 |
| System Control Number | 0000750 |
| System Control Number | 0000750 |
| System Control Number | 0000738 |
| 100 ## - Dados gerais de processamento | |
| Dados gerais de processamento | 20070928d1993 a e0pory5003 ba |
| 102 ## - Pais de publicação ou produção | |
| País de publicação | Alemanha |
| 101 1# - Língua de publicação | |
| Língua do texto, banda sonora, etc. | Francês |
| Língua do documento no original | Alemão |
| 106 ## - Campo de dados codificados: material textual | |
| Dados codificados do material textual | r |
| 105 ## - Campo de dados codificados: livros | |
| Dados codificados dos livros | y z 001yy |
| 215 ## - Descrição física | |
| Indicação específica da natureza do documento e extensão da espécie | 207 p. |
| Dimensões | cm |
| 200 1# - Titulo e menção de responsabilidade | |
| Título próprio | La dimension européenne pour Enseignants |
| Informação de outro título | Rapport de la deuxième conférence sur la Dimension européenne dans l'Enseignement e dans lÉducation |
| Primeira menção de responsabilidade | Bernd Janssen |
| Outras menções de responsabilidade | trad. Régine Véricel |
| 225 2# - Colecção | |
| Título próprio da colecção | Europäish Bildung |
| Indicação de volume | 14 |
| 205 ## - Menção da edição | |
| Menção da edição | 1ª ed |
| 210 ## - Publicação, Distribuição, etc. | |
| Lugar da edição, distribuição, etc. | Bonn |
| Nome do editor, distribuidor, etc. | Centro de Educação Europeia |
| Data da publicação, distribuição, etc. | 1992 |
| 675 ## - Classificação Decimal Universal (CDU) | |
| Notação | 3.37 |
| Língua da edição | fre |
| 702 #1 - Nome de autor-pessoa física (responsabilidade secundária) | |
| Número de registo de entrada de autoridade | 0000984 |
| Código de função | Tradutor |
| 700 #1 - Nome de autor-pessoa física (responsabilidade principal) | |
| Número de registo de entrada de autoridade | 0000983 |
| Palavra de ordem | Janssen |
| 942 ## - Elementos de entrada adicionados (Koha) | |
| Tipo de item no Koha | Livro |
| Situação do levantamento | Origin of item (home branch) (coded) | Biblioteca de empréstimo | Código de barras | Circulation type (not for loan) | Tipo de documento | Nota do exemplar | Damaged status |
|---|---|---|---|---|---|---|---|
| Biblioteca Escolar Eng. Nuno Mergulhão | Biblioteca Escolar Eng. Nuno Mergulhão | BENM1214 | Livro | Sem mensagem |
